La necesidad de incluir la perspectiva de género en los proyectos de eliminación de la explotación sexual comercial /

Guardat en:
Dades bibliogràfiques
Autor principal: Sorensen, Bente
Format: Text
Matèries:
Etiquetes: Afegir etiqueta
Sense etiquetes, Sigues el primer a etiquetar aquest registre!

MARC

LEADER 00000 a a2200000 04500
001 2192
003
040
100 |a Sorensen, Bente  
245 |a La necesidad de incluir la perspectiva de género en los proyectos de eliminación de la explotación sexual comercial /  |c Bente Sorensen 
650 |a EXPLOTACION SEXUAL COMERCIAL  
650 |a GENERO  
650 |a DESIGUALDAD SOCIAL  
773 |g número 4; páginas 9-13  
999 |c 37308  |d 37308